000
00266nam a2200109Ia 4500
008
200302s9999 xx 000 0 und d
100
_a
Samuelson & Other
245
_a
Economics 7th ed.
260
_b
Tata Mcgraw-Hill Book Co. Ltd.
260
_c
1997
300
_a
792 P.,
999
_c
1605
_d
1605